| 000 | 00426nam a2200133Ia 4500 | ||
|---|---|---|---|
| 008 | 220216s9999 xx 000 0 und d | ||
| 100 | _aAsokan M P | ||
| 245 | 0 | _aPlant regeneration from anther culture of rubber tree (Hevea brasiliensis) | |
| 260 |
_bInternational Natural Rubber Conference, Bangalore, 5-8 February 1992. 51 _c1992 |
||
| 700 | _aJayasree P | ||
| 700 | _aSobhana P | ||
| 700 | _aSushamakumari S | ||
| 942 | _cJS | ||
| 999 |
_c65100 _d65100 |
||